000
00315nam a2200121Ia 4500
008
220204s9999 xx 000 0 und d
082
_a
574.3:54
_b
HOR;1
100
_a
HORNE, R A
245
0
_a
Chemistry of our environment.
260
_a
New York
_b
John Wiley
_c
1978
650
_a
Environmental chemistry
942
_c
BK
999
_c
28090
_d
28090